000 00422pab a2200169 454500
008 180718b2005 xxu||||| |||| 00| 0 eng d
100 _aMallick, Sambit
245 _aDebates on Science and technology in India
260 _c2005
300 _ap.49-75.
362 _aNov-Dec
650 _aScience and technology
700 _aKulkarni, S.G.
700 _aHaribabu, E.
773 _aSocial Scientist
909 _a68403
999 _c68403
_d68403